Assessment of trafficability in field using vane shear/ (Record no. 550829)

000 -LEADER
fixed length control field 00342nam a22001337a 4500
082 ## - DEWEY DECIMAL CLASSIFICATION NUMBER
Classification number T-120
100 ## - MAIN ENTRY--PERSONAL NAME
Personal name Iftikhar Ali.
9 (RLIN) 15519
245 ## - TITLE STATEMENT
Title Assessment of trafficability in field using vane shear/
Remainder of title Iftikhar Ali.
260 ## - PUBLICATION, DISTRIBUTION, ETC.
Place of publication, distribution, etc. MCE
526 ## - STUDY PROGRAM INFORMATION NOTE
Program name 0
Interest level 0
Reading level 0
Title point value T_120
650 ## - SUBJECT ADDED ENTRY--TOPICAL TERM
Topical term or geographic name entry element Project.
700 ## - ADDED ENTRY--PERSONAL NAME
Personal name Nusrullah Abeer
9 (RLIN) 47652
942 ## - ADDED ENTRY ELEMENTS (KOHA)
Source of classification or shelving scheme
Koha item type Book
Holdings
Withdrawn status Lost status Source of classification or shelving scheme Damaged status Not for loan Permanent Location Current Location Date acquired Total Checkouts Full call number Barcode Date last seen Date last checked out Price effective from Koha item type Public note
          Military College of Engineering (MCE) Military College of Engineering (MCE) 11/26/2014 2 T-120 MCE-T-120 12/31/2019 05/07/2019 11/26/2014 Book Project
© 2023 Central Library, National University of Sciences and Technology. All Rights Reserved.